YKKの経営 : 吉田哲学世界を行く

সংরক্ষণ করুন:
গ্রন্থ-পঞ্জীর বিবরন
সংস্থা লেখক: 岩堀安三(いわぼり やすぞう)
বিন্যাস: গ্রন্থ
ভাষা:Undetermined
প্রকাশিত: 東京 ダイヤモンドータイム社 1975
বিষয়গুলি:
ট্যাগগুলো: ট্যাগ যুক্ত করুন
কোনো ট্যাগ নেই, প্রথমজন হিসাবে ট্যাগ করুন!
Thư viện lưu trữ: Trung tâm Học liệu Trường Đại học Cần Thơ
LEADER 00655nam a2200205Ia 4500
001 CTU_87701
008 210402s9999 xx 000 0 und d
082 |a 338.8 
082 |b I.97 
110 |a 岩堀安三(いわぼり やすぞう) 
245 0 |a YKKの経営 : 
245 0 |b 吉田哲学世界を行く 
245 0 |c 岩堀安三 
260 |a 東京 
260 |b ダイヤモンドータイム社 
260 |c 1975 
650 |a Corporations,Corporations,吉田忠雄(よしだ ただお),吉田工業株式会社 
650 |x Japan 
904 |i Ngoc 
980 |a Trung tâm Học liệu Trường Đại học Cần Thơ